Score 0/20 Timer 03:00
0 Plays Today
Movie Missing Word % Correct
*________ NemoFinding
97.7%
_____ BrockovichErin
93.8%
The ______ MileGreen
93.7%
Fried Green ________Tomatoes
89%
*The _________ RedemptionShawshank
86.9%
_____ Joe BlackMeet
84.3%
Pay it _______Forward
80.8%
Jumpin' Jack _______Flash
80.1%
*________ BeautyAmerican
79.8%
Desperately Seeking ______Susan
78%
Movie Missing Word % Correct
______ of a WomanScent
76.7%
The Horse __________Whisperer
75.3%
*Road to __________Perdition
73.3%
The ______ vs. Larry FlyntPeople
69.3%
The Best Exotic ________ HotelMarigold
55.8%
*_______ WomenLittle
55.8%
The Iron ______Lady
39.9%
The _________ BureauAdjustment
35.4%
_________ RoadRevolutionary
32%
*The _____ GermanGood
24.2%

Today's Daily Dose

Missing Word
'T' Pairs

Word Ladder
Game Pieces

Get the Picture
Baseball Movies

Remove Ads.
Support Sporcle.
Get the best of Sporcle when you Go Orange. This ad-free experience offers more features, more stats, and more fun while also helping to support Sporcle. Thank you for becoming a member.

You're not logged in!

Compare scores with friends on all Sporcle quizzes.
OR
Log In

Show Comments

Extras

Top Quizzes Today


Score Distribution

Your Account Isn't Verified!

In order to create a playlist on Sporcle, you need to verify the email address you used during registration. Go to your Sporcle Settings to finish the process.

Report this User

Report this user for behavior that violates our Community Guidelines.

Details: